000 01238nam a22003617a 4500
003 CHAP
005 20220817043233.0
008 971013s1989 r 00010 d
010 _a69219
011 _a70191
035 _a79671
040 _cCHAP
090 _aTesis
100 0 0 _aGómez Castañeda, Julio César.
_949646
245 _aEnsayo de dos variedades de soya (Glycine max L. Merr) bajo cuatro densidades de población en Villaflores, Chis.
260 _aChapingo, Méx. :
_bEl autor,
_c1989
300 _a66 h.
_b; gráfs., mapas
500 _a33-121
502 _aTesis (Ing. Agrónomo Esp. en Fitotecnia) -- UACH. Departamento de Fitotecnia
590 _aALEPH
_b10
_c20130110
_lUCH01
_h1407
590 _aBATCH-UPD
_b10
_c20130110
_lUCH01
_h0325
590 _aBATCH-UPD
_b10
_c20130409
_lUCH01
_h2357
590 _aBATCH-UPD
_b10
_c20130914
_lUCH01
_h1548
590 _aCONVERSION
_b10
_c20130109
_lUCH01
_h1338
650 1 4 _aSoya
_xChiapas.
_9109027
650 1 4 _aSoya
_xEfecto del clima.
_9109041
650 1 4 _aSoya
_xEspaciamiento.
_9109047
650 1 4 _aSoya
_xRendimiento.
_9109084
710 _aUACH. Departamento de Fitotecnia
901 _aBK
942 _cTESIS
949 _bBC
_cTES
_d-32560
_eTS1
_h21920
_i79671
_si
999 _c69219
_d69219